Of sticks and carrots incentives and the Maastricht road to EMU

Saved in:
Bibliographic Details
Main Author: Winkler, Bernhard
Format: Book
Language:English
Published: San Domenico (FI) European University Institute 1997
Series:EUI Working paper ECO No. 97/2
Subjects:
Tags: Add Tag
No Tags, Be the first to tag this record!

MARC

LEADER 00000nam a2200000 4500
001 c133416
005 20221124073743.4
041 0 |a eng 
044 |a IT 
245 1 0 |a Of sticks and carrots  |b incentives and the Maastricht road to EMU  |c Bernhard Winkler 
264 1 |a San Domenico (FI)  |b European University Institute  |c 1997 
300 |a 27 s. 
490 1 |a EUI Working paper ECO  |v No. 97/2 
830 0 |a EUI Working paper ECO  |v No. 97/2 
610 2 0 |a únie menové 
610 2 0 |a kurz výmenný 
610 2 0 |a reformy hospodárske 
610 2 0 |a stabilita hospodárstva 
610 2 0 |a stabilita meny 
610 2 0 |a politika menová 
610 2 0 |a politika peňažná 
610 2 0 |a Európska únia 
610 2 0 |a Európske spoločenstvá 
610 2 0 |a Európska menová únia 
100 1 |a Winkler, Bernhard